<?xml version="1.0" encoding="UTF-8"?>
<marc:record xmlns:marc="http://www.loc.gov/MARC21/slim">
   <marc:leader>00000nam a2200000 a 4500</marc:leader>
   <marc:datafield ind1="1" ind2=" " tag="100">
      <marc:subfield code="a">Elsberg, Marc</marc:subfield>
      <marc:subfield code="4">aut</marc:subfield>
      <marc:subfield code="e">Verfasser/-in</marc:subfield>
   </marc:datafield>
   <marc:datafield ind1=" " ind2=" " tag="653">
      <marc:subfield code="a">Fiktionale Darstellung</marc:subfield>
   </marc:datafield>
   <marc:datafield ind1=" " ind2=" " tag="653">
      <marc:subfield code="a">Krimis, Thriller, Spionage</marc:subfield>
   </marc:datafield>
   <marc:datafield ind1=" " ind2=" " tag="653">
      <marc:subfield code="a">(VLB-WN)1121: Hardcover, Softcover / Belletristik/</marc:subfield>
   </marc:datafield>
   <marc:datafield ind1=" " ind2=" " tag="653">
      <marc:subfield code="a">(Produktform (spezifisch))With dust jacket</marc:subfield>
   </marc:datafield>
   <marc:datafield ind1=" " ind2=" " tag="653">
      <marc:subfield code="a">(Produktform)Book</marc:subfield>
   </marc:datafield>
   <marc:datafield ind1=" " ind2=" " tag="653">
      <marc:subfield code="a">(BISAC Subject Heading)FIC031000</marc:subfield>
   </marc:datafield>
   <marc:datafield ind1=" " ind2=" " tag="653">
      <marc:subfield code="a">Spiegel Bestseller</marc:subfield>
   </marc:datafield>
   <marc:datafield ind1=" " ind2=" " tag="653">
      <marc:subfield code="a">(Produktgruppe)7400: HC Belletristik</marc:subfield>
   </marc:datafield>
   <marc:datafield ind1=" " ind2=" " tag="653">
      <marc:subfield code="a">Verfilmung</marc:subfield>
   </marc:datafield>
   <marc:datafield ind1=" " ind2=" " tag="653">
      <marc:subfield code="a">Thriller bestseller</marc:subfield>
   </marc:datafield>
   <marc:datafield ind1=" " ind2=" " tag="653">
      <marc:subfield code="a">Moritz Bleibtreu</marc:subfield>
   </marc:datafield>
   <marc:datafield ind1=" " ind2=" " tag="653">
      <marc:subfield code="a">Der Fall des Präsidenten</marc:subfield>
   </marc:datafield>
   <marc:datafield ind1=" " ind2=" " tag="653">
      <marc:subfield code="a">Zero</marc:subfield>
   </marc:datafield>
   <marc:datafield ind1=" " ind2=" " tag="653">
      <marc:subfield code="a">Gier</marc:subfield>
   </marc:datafield>
   <marc:datafield ind1=" " ind2=" " tag="653">
      <marc:subfield code="a">Helix</marc:subfield>
   </marc:datafield>
   <marc:datafield ind1=" " ind2=" " tag="653">
      <marc:subfield code="a">Stromausfall</marc:subfield>
   </marc:datafield>
   <marc:datafield ind1="0" ind2="0" tag="245">
      <marc:subfield code="a">Blackout</marc:subfield>
   </marc:datafield>
   <marc:datafield ind1="0" ind2="0" tag="245">
      <marc:subfield code="b">Roman</marc:subfield>
   </marc:datafield>
   <marc:datafield ind1=" " ind2="1" tag="264">
      <marc:subfield code="b">Blanvalet</marc:subfield>
      <marc:subfield code="c">2021</marc:subfield>
   </marc:datafield>
   <marc:datafield ind1="1" ind2=" " tag="520">
      <marc:subfield code="a">Angaben aus der Verlagsmeldung        BLACKOUT - Morgen ist es zu spät : Roman - Der spannendste Wissenschaftsthriller und Megabestseller jetzt als Premiumausgabe  mit einer exklusiven Kurzgeschichte von Marc Elsberg und weiteren Extras! / von Marc Elsberg       Der Megaseller als Premiumausgabe mit vielen Extras und einer exklusiven Kurzgeschichte, die 10 Jahre nach dem totalen Blackout beginnt ...      Immer wieder kommt es vor: Es gibt einen Stromausfall, und plötzlich geht nichts mehr. Meist kommt der Strom nach einiger Zeit wieder und alles ist gut. Was, wenn das mal nicht so wäre? Marc Elsberg hat das Szenario in einem atemberaubenden Thriller ausgemalt und damit bereits Millionen Leser*innen begeistert. Fast 200 Wochen stand der Thriller auf der SPIEGEL-Bestsellerliste. Von Bild der Wissenschaft zum spannendsten Wissensbuch gekürt, von der Presse hochgelobt und jetzt auch noch mit Moritz Bleibtreu in der Hauptrolle als Serie verfilmt.       Blackout ist ein Phänomen und das schon seit fast zehn Jahren  Grund genug es als aufwändig ausgestattete Premiumausgabe zu veröffentlichen. Experten wie Ranga Yogeshwar, oder der Präsident des Bundesamtes für Bevölkerungsschutz und Katastrophenhilfe Armin Schuster melden sich zu Wort. In einem Interview mit Marc Elsberg und den Machern der Blockbusterserie können wir von den Problemen lesen, die die Verfilmung in Zeiten von Corona bereitet hat. Exklusive Bilder aus der Serie findet man hier ebenso wie ein paar Rezepte für den nächsten Blackout. Und eine exklusive Kurzgeschichte, die erzählt, wie es weitergeht   800 Thriller-Seiten vom Feinsten, auf denen Elsberg es versteht, ein erschreckendes und erschreckend realistisches Bild eines Blackouts zu zeichnen. ntv.de      Lesen Sie auch:          ZERO: Sie wissen, was du tust          HELIX: Sie werden uns ersetzen          GIER: Wie weit würdest du gehen?          Der Fall des Präsidenten</marc:subfield>
   </marc:datafield>
   <marc:datafield ind1=" " ind2=" " tag="020">
      <marc:subfield code="a">9783764507947</marc:subfield>
      <marc:subfield code="9">9783764507947</marc:subfield>
   </marc:datafield>
</marc:record>
